|
|
|
|
| LEADER |
00000nab a2200000 a 4500 |
| 001 |
vtls000791103 |
| 003 |
SK-MaSNL |
| 005 |
20260302160032.0 |
| 008 |
140302c2002 xo 0 slo |
| 015 |
|
|
|a SNBRB2002/04-11493
|
| 035 |
|
|
|a CLN000142758
|
| 040 |
|
|
|a SNKBUCL
|b slo
|c SNKBUCL
|e AACR2
|
| 041 |
0 |
|
|a slo
|
| 044 |
|
|
|a xo
|c SK
|
| 080 |
|
|
|a 37.03:17(048)
|2 1997
|
| 080 |
|
|
|a 37.064(048)
|2 1997
|
| 100 |
1 |
|
|a Petlák, Erich,
|d 1942-
|4 aut
|9 199433
|
| 245 |
1 |
0 |
|a Učiteľom- humanistom
|b recenzie
|c Erich Petlák
|
| 650 |
0 |
7 |
|a výchova humanistická
|x recenzie
|2 snkbucl
|9 855485
|
| 650 |
0 |
7 |
|a učitelia
|x žiaci
|x vzťahy
|x recenzie
|2 snkbucl
|9 855486
|
| 655 |
|
7 |
|a články z novín a časopisov
|2 snkbucl
|9 267496
|
| 773 |
0 |
|
|t Učiteľské noviny
|g Roč. 52, č. 14 (2002), s. 5
|x 0139-5769
|
| 787 |
0 |
8 |
|i Rec.:
|a Beňo, M.
|t Učiteľom-humanistom
|d Bratislava : Iris, 2001
|
| 850 |
|
|
|a Slovenská národná knižnica v Martine
|
| 852 |
|
|
|a SNK
|b KIS3GCP
|
| 958 |
|
|
|a SK
|
| 958 |
|
|
|a RC
|
| 992 |
|
|
|a RBX
|
| 999 |
|
|
|c 1373313
|d 1375243
|